000 00505cam a2200193ua 4500
001 4305
008 111223n ii |||gr||||Z||||||asm
040 _cMAIN
082 _a305.4
100 1 _aGandhi, Mahatma,
245 1 1 _aNari aru samajik abichar
_cby Mahatma Gandhi
250 _a3rd.
260 _aGuwahati:
_bPublication Board Assam,983.
300 _a356p:5cm.
653 _aSocial group of women
653 _aNari aru samajik abichar
700 1 _aDuwara, Kalpita,
_eTranslator.,
942 _cBK
999 _c4124
_d4124